[Event "ch-FRA Blitz Online Qual"]
[Site "Europe-Chess INT"]
[Date "2020.05.16"]
[Round "11"]
[White "Chabradze, Boris"]
[Black "Auder, Benjamin"]
[Result "1/2-1/2"]
[WhiteElo "2101"]
[BlackElo "1934"]
[WhiteFideId "13603019"]
[BlackFideId "635065"]
[EventDate "2020.05.16"]

1. e4 Nc6 2. Nc3 Nf6 3. Nf3 d5 4. exd5 Nxd5 5. Nxd5 Qxd5 6. Be2 Bg4 7. O-O O-O-O
8. h3 Bh5 9. Ne1 Bxe2 10. Qxe2 e5 11. d3 Kb8 12. Be3 Bc5 13. Nf3 f6 14. Nd2 Nd4
15. Bxd4 Bxd4 16. Nc4 h5 17. Rab1 g5 18. b3 g4 19. h4 g3 20. Ne3 gxf2+ 21. Rxf2
Qc5 22. Rf3 f5 23. Kh1 e4 24. Rxf5 exd3 25. cxd3 Qe7 26. Re1 Qxh4+ 27. Kg1 Rde8
28. Qf2 Qxf2+ 29. Kxf2 Rhf8 30. Rxf8 Rxf8+ 31. Kg3 Rg8+ 32. Kh4 b5 33. Kxh5 Bxe3
34. Rxe3 Rxg2 35. a4 Rb2 36. d4 bxa4 37. bxa4 Rb4 38. Rd3 Rxa4 39. Kg5 Kc8 40.
Kf5 Kd7 41. Ke5 c6 42. d5 Ra5 43. Ke4 c5 44. Ke5 Ra4 45. Rh3 c4 46. Rh7+ Kc8 47.
d6 Ra1 48. Rc7+ Kb8 49. Rxc4 Re1+ 50. Kd5 Rd1+ 51. Kc6 Kc8 52. Ra4 Rc1+ 53. Kd5
Rd1+ 54. Ke6 Re1+ 55. Kd5 Rd1+ 56. Kc6 Rc1+ 57. Kb5 Rb1+ 58. Ka6 Rb6+ 59. Kxa7
Rxd6 60. Rc4+ Kd7 61. Rc5 Ke6 62. Kb7 1/2-1/2

[Event "ch-FRA Blitz Online Qual"]
[Site "Europe-Chess INT"]
[Date "2020.05.16"]
[Round "11"]
[White "Testud, Philippe"]
[Black "Naillou, Thomas"]
[Result "1-0"]
[WhiteElo "2123"]
[BlackElo "2072"]
[WhiteFideId "611409"]
[BlackFideId "36009741"]
[EventDate "2020.05.16"]

1. d4 Nf6 2. Nf3 e6 3. Bf4 d5 4. e3 c6 5. Nbd2 Be7 6. h3 O-O 7. c3 Nbd7 8. Bd3
b5 9. b4 a5 10. a3 axb4 11. axb4 Bb7 12. O-O Qb6 13. Qe2 Ra4 14. Nb3 Rfa8 15.
Na5 Rxa1 16. Rxa1 Ne4 17. Bxe4 dxe4 18. Nd2 f5 19. f3 exf3 20. gxf3 Nf6 21. e4
Bxb4 22. cxb4 Qxd4+ 23. Kh2 Qxa1 24. Nxb7 Qd4 25. Na5 fxe4 26. Nxe4 Nxe4 27.
Qxe4 Qf2+ 28. Kh1 Qf1+ 29. Kh2 Qf2+ 30. Kh1 Rd8 31. Qxe6+ Kh8 32. Bd6 Qf1+ 33.
Kh2 Qf2+ 34. Kh1 Qxf3+ 35. Kh2 Qf2+ 36. Kh1 Qf3+ 37. Kh2 h6 38. Qe7 Qf2+ 39. Kh1
Qf1+ 40. Kh2 Qf2+ 41. Kh1 Qf3+ 42. Kh2 Ra8 43. Be5 Rg8 44. Qe6 Kh7 45. Bg3 Rd8
46. Bd6 Qf2+ 47. Kh1 Qf1+ 48. Kh2 Qf2+ 49. Kh1 Qf6 50. Qxf6 gxf6 51. Be7 Rd3 52.
Kg2 f5 53. Nxc6 f4 54. Bc5 Kg6 55. Ne5+ Kf5 56. Nxd3 Ke4 57. Ne1 h5 58. Nf3 Kf5
59. Kf2 Ke4 60. Ng5+ Kf5 61. Nf7 Ke6 62. Nd6 Kd5 63. Nxb5 Kc4 64. Nd6+ Kd5 65.
Kf3 Ke5 66. Nc4+ Kd5 67. Nd2 Ke5 68. Ne4 h4 69. b5 Kd5 70. b6 Kc6 71. Kxf4 Kb7
72. Kg4 Kc6 73. Kxh4 1-0

[Event "ch-FRA Blitz Online Qual"]
[Site "Europe-Chess INT"]
[Date "2020.05.16"]
[Round "11"]
[White "Soubirou, Oriane"]
[Black "Martinez, Felicien"]
[Result "1/2-1/2"]
[WhiteElo "2144"]
[BlackElo "1867"]
[WhiteFideId "686034"]
[BlackFideId "45141207"]
[EventDate "2020.05.16"]

1. e4 e6 2. Nf3 d5 3. e5 c5 4. b4 cxb4 5. d4 Nc6 6. a3 Bd7 7. axb4 Bxb4+ 8. c3
Be7 9. Bd3 Nh6 10. Nbd2 O-O 11. Nf1 Kh8 12. Ng3 Ng8 13. Bc2 f5 14. exf6 Nxf6 15.
Qd3 Be8 16. Qe2 Qd6 17. Ng5 e5 18. Ba3 Qd7 19. dxe5 Bxa3 20. Rxa3 Qe7 21. exf6
Qxa3 22. fxg7+ Kxg7 23. Ne6+ Kh8 24. O-O Bf7 25. Nxf8 Rxf8 26. Qg4 Qxc3 27. Bb1
Qg7 28. Qh3 Bg6 29. Nh5 Bxh5 30. Qxh5 Ne5 31. Bxh7 Nf3+ 32. Kh1 Qxh7 33. Qxh7+
Kxh7 34. gxf3 Rxf3 35. Rb1 b6 36. Rd1 Rxf2 37. Rxd5 Ra2 38. Kg1 Kg6 39. h4 Re2
40. Rd7 Ra2 41. Rd5 Kf6 42. h5 Kg7 43. Rd6 b5 44. Kf1 b4 45. Rd7+ Kh6 46. Rb7 a5
47. Rb5 Ra3 48. Ke1 b3 49. Kd1 a4 50. Kc1 Ra2 51. Kb1 Rh2 52. Rb4 Ra2 53. Rb5
Rc2 54. Rb4 Ra2 55. Rb5 1/2-1/2

[Event "ch-FRA Blitz Online Qual"]
[Site "Europe-Chess INT"]
[Date "2020.05.16"]
[Round "11"]
[White "Tomasi, Elise"]
[Black "Carvallo, Henri"]
[Result "0-1"]
[WhiteElo "2030"]
[BlackElo "2069"]
[WhiteFideId "26088843"]
[BlackFideId "619914"]
[EventDate "2020.05.16"]

1. d4 d6 2. Nf3 Nf6 3. g3 Nbd7 4. Bg2 e5 5. dxe5 dxe5 6. O-O c6 7. c4 Be7 8. Nc3
O-O 9. b3 Qc7 10. Bb2 Re8 11. a3 a5 12. Rc1 Bf8 13. Qc2 Nc5 14. Nd2 Bg4 15. Nde4
Nfxe4 16. Nxe4 Bh5 17. Nxc5 Bxc5 18. e3 Bg6 19. Qc3 Rad8 20. Rfd1 f6 21. b4 axb4
22. axb4 Bf8 23. Qb3 Bf7 24. Qa4 Rxd1+ 25. Qxd1 Bxb4 26. Qb3 Bc5 27. Ba3 Bxa3
28. Qxa3 Rd8 29. Qb4 h6 30. Rb1 Rd7 31. Be4 Be6 32. Ra1 Qd8 33. Bf3 f5 34. Kg2
e4 35. Bh5 Bf7 36. Be2 Kh7 37. Ra7 Qc7 38. c5 Bd5 39. Ba6 f4 40. gxf4 Qd8 41.
Rxb7 Rxb7 42. Qxb7 Qf6 43. Be2 Qg6+ 44. Kh1 Qf5 45. Kg2 Qf6 46. Qc7 Qb2 47. Qe5
Qxe2 48. Qf5+ Kh8 49. Qc8+ Bg8 50. Qxc6 Qf3+ 51. Kf1 Bc4+ 52. Kg1 Qg4+ 53. Kh1
Be2 54. Qe8+ Kh7 55. Qxe4+ Kg8 56. Qe8+ Kh7 57. Qe4+ Qg6 58. f5 Qf6 59. c6 Bb5
60. c7 Bc6 61. c8=Q Bxe4+ 62. Kg1 Bxf5 63. Qc4 Qg6+ 64. Kh1 Be4+ 0-1

[Event "ch-FRA Blitz Online Qual"]
[Site "Europe-Chess INT"]
[Date "2020.05.16"]
[Round "11"]
[White "Mathieu, Phileas"]
[Black "Lebrun, Elias"]
[Result "1-0"]
[WhiteElo "2214"]
[BlackElo "1880"]
[WhiteFideId "36048410"]
[BlackFideId "26073110"]
[EventDate "2020.05.16"]

1. e4 c5 2. Nf3 Nc6 3. Bb5 g6 4. O-O Bg7 5. c3 Nf6 6. Qa4 O-O 7. d4 cxd4 8. cxd4
Nxe4 9. d5 Nc5 10. Qa3 Nd4 11. Qxc5 d6 12. Qxd4 Bxd4 13. Nxd4 a6 14. Be2 Bd7 15.
Nc3 Qb6 16. Rd1 Rac8 17. Nb3 e6 18. Be3 Qc7 19. Rac1 e5 20. Ne4 Qd8 21. Nxd6
Rxc1 22. Rxc1 Bb5 23. Nxb5 axb5 24. Rd1 b6 25. Bxb5 Qd6 26. Bc6 f5 27. Bxb6 Rb8
28. Bc5 Qc7 29. Ba4 Rxb3 30. Bxb3 Qxc5 31. d6+ Kf8 32. d7 Qe7 33. d8=Q+ 1-0

[Event "ch-FRA Blitz Online Qual"]
[Site "Europe-Chess INT"]
[Date "2020.05.16"]
[Round "11"]
[White "Denjoy, Arnaud"]
[Black "Duquesne, Adrien"]
[Result "0-1"]
[WhiteElo "2166"]
[BlackElo "2147"]
[WhiteFideId "26071185"]
[BlackFideId "20650582"]
[EventDate "2020.05.16"]

1. Nf3 Nf6 2. e3 g6 3. d4 Bg7 4. c4 O-O 5. Be2 d6 6. Nc3 Nbd7 7. O-O e5 8. Qc2
Re8 9. Rd1 e4 10. Nd2 Qe7 11. b4 Nf8 12. a4 h5 13. a5 N8h7 14. a6 b6 15. Ba3 h4
16. h3 Ng5 17. Bf1 Bxa6 18. b5 Bc8 19. c5 dxc5 20. dxc5 bxc5 21. Nb3 Bxh3 22.
Bxc5 Qe5 23. Bd4 Qf5 24. gxh3 Nxh3+ 25. Bxh3 Qxh3 26. Bxf6 Bxf6 27. Nd5 Bxa1 28.
Rxa1 Re5 29. Nf6+ Kg7 30. Nxe4 Qg4+ 31. Kf1 Qxe4 32. Qc3 Kh7 33. Qxc7 Rf5 34.
Nd4 Rf6 35. Rxa7 Rxa7 36. Qxa7 h3 37. Qc7 Qg2+ 38. Ke1 h2 39. Ne6 h1=Q+ 40. Kd2
Qxf2+ 41. Kc3 Qc1+ 0-1

[Event "ch-FRA Blitz Online Qual"]
[Site "Europe-Chess INT"]
[Date "2020.05.16"]
[Round "11"]
[White "Goulesque, Camille"]
[Black "Schweitzer, Adrien"]
[Result "1-0"]
[WhiteElo "1899"]
[BlackElo "2086"]
[WhiteFideId "26086140"]
[BlackFideId "628220"]
[EventDate "2020.05.16"]

1. d4 Nf6 2. c4 c5 3. d5 e6 4. Nc3 exd5 5. cxd5 d6 6. e4 g6 7. Nf3 Bg7 8. Bd3
O-O 9. O-O Na6 10. h3 Nc7 11. a4 a6 12. Bf4 Rb8 13. Qc2 Nfe8 14. a5 Bd7 15. Na4
Bb5 16. Rab1 Bxd3 17. Qxd3 Nb5 18. Nb6 Nec7 19. Rfe1 Re8 20. Bg5 f6 21. Bf4 Na8
22. Nc4 b6 23. axb6 Nxb6 24. b4 Nxc4 25. Qxc4 cxb4 26. Rxb4 Rc8 27. Qa2 Qb6 28.
Nd4 Qc5 29. Rxb5 axb5 30. Ne6 Qc3 31. Rc1 Qb4 32. Rxc8 Rxc8 33. Qa7 Bf8 34. Qd7
Ra8 35. Nd8 Rxd8 36. Qxd8 Qe1+ 37. Kh2 Qxf2 38. Bxd6 1-0

[Event "ch-FRA Blitz Online Qual"]
[Site "Europe-Chess INT"]
[Date "2020.05.16"]
[Round "11"]
[White "Ribiere, Damien"]
[Black "Iglesias, Christophe"]
[Result "0-1"]
[WhiteElo "2083"]
[BlackElo "1815"]
[WhiteFideId "26041634"]
[BlackFideId "551007584"]
[EventDate "2020.05.16"]

1. e4 c6 2. Ne2 d5 3. e5 d4 4. d3 Qa5+ 5. c3 dxc3 6. bxc3 Qxe5 7. d4 Qd6 8. Bf4
Qd8 9. Ng3 Nf6 10. Bd3 g6 11. O-O Bg7 12. Qd2 O-O 13. Bh6 Nbd7 14. Bxg7 Kxg7 15.
Qg5 Nb6 16. Nd2 Nbd5 17. Nde4 Nxe4 18. Bxe4 Nxc3 19. Nh5+ Kg8 20. Qh6 Qxd4 21.
Bc2 Be6 22. Rae1 Bc4 23. Rxe7 Bxf1 24. Rd7 Nd5 25. Kxf1 Qa1+ 26. Ke2 Rae8+ 27.
Kf3 Qc3+ 28. Kg4 gxh5+ 29. Kh4 Qd4+ 30. f4 Qf2+ 31. g3 Qxh2+ 32. Kg5 f6+ 33. Kf5
Qxc2# 0-1

[Event "ch-FRA Blitz Online Qual"]
[Site "Europe-Chess INT"]
[Date "2020.05.16"]
[Round "11"]
[White "Rodriguez Rodriguez, Antonio"]
[Black "Kieffer, Anatole"]
[Result "0-1"]
[WhiteTitle "FM"]
[WhiteElo "2112"]
[BlackElo "2094"]
[WhiteFideId "2219255"]
[BlackFideId "20650027"]
[EventDate "2020.05.16"]

1. d4 Nf6 2. Bg5 e6 3. Nf3 Be7 4. Nbd2 h6 5. Bh4 b6 6. e3 Bb7 7. Bd3 c5 8. c3
cxd4 9. exd4 Nc6 10. Qe2 O-O 11. O-O Nd5 12. Bg3 f5 13. h3 f4 14. Bh2 Bf6 15. a3
Bg5 16. Rfe1 Qf6 17. Nc4 Qe7 18. Rad1 b5 19. Ncd2 a6 20. Ne4 Bf6 21. Nc5 Bc8 22.
Qe4 g5 23. Ne5 Nxe5 24. dxe5 Bh8 25. Nb3 Bb7 26. Qe2 Rad8 27. Nd4 Nb6 28. Be4
Bxe4 29. Qxe4 Nc4 30. Re2 Rc8 31. g3 fxg3 32. Bxg3 Qf7 33. Rd3 Qh5 34. Kg2 Rf7
35. Rf3 Rcf8 36. Rxf7 Kxf7 37. Qb7 Ke7 38. Qxa6 Rb8 39. Qa7 Rg8 40. Qc5+ Kd8 41.
Qxb5 g4 42. hxg4 Qxg4 43. Qxc4 h5 44. Re3 h4 45. Qc5 hxg3 46. Rxg3 Qe4+ 47. f3
Rxg3+ 48. Kxg3 Bxe5+ 49. Kf2 Bxd4+ 50. Qxd4 Qc2+ 51. Kg3 Qxb2 52. Qf6+ Kc7 53.
Qe5+ Kc6 54. Qe4+ Kb6 55. Qb4+ Qxb4 56. axb4 d5 57. Kf4 Kb5 58. Ke5 Kc4 59. Kxe6
Kxc3 60. f4 d4 61. f5 d3 62. f6 d2 63. f7 d1=Q 64. f8=Q Qe1+ 65. Kd6 Qg3+ 66.
Kc5 Qc7+ 67. Kb5 Qb7+ 68. Kc5 Qxb4+ 69. Kc6 Qxf8 0-1

[Event "ch-FRA Blitz Online Qual"]
[Site "Europe-Chess INT"]
[Date "2020.05.16"]
[Round "11"]
[White "Antao, Amory"]
[Black "Villeneuve, Samuel"]
[Result "1-0"]
[WhiteElo "2099"]
[BlackElo "1807"]
[WhiteFideId "36049700"]
[BlackFideId "20642105"]
[EventDate "2020.05.16"]

1. Nc3 d5 2. e4 dxe4 3. Nxe4 Bf5 4. Ng3 Bg6 5. h4 h5 6. d4 Nf6 7. Nf3 e6 8. c3
Bd6 9. Be3 Bxg3 10. fxg3 Nd5 11. Bf2 Qd6 12. Bd3 Bxd3 13. Qxd3 Nd7 14. O-O-O
O-O-O 15. a3 Kb8 16. Kb1 N7f6 17. Ne5 Rhf8 18. Rc1 Ng4 19. Nxg4 hxg4 20. Rhd1 f5
21. c4 Nf6 22. b4 Ne4 23. Bg1 Qxg3 24. Qxg3 Nxg3 25. Bh2 Ne4 26. d5 g3 27. Bg1
exd5 28. cxd5 Rh8 29. Bd4 Rxh4 30. Bxg7 Rh2 31. Rc2 Rc8 32. Rd3 f4 33. Be5 Nf2
34. Rdc3 a6 35. Bxf4 Rxg2 36. Bxc7+ Ka7 37. Rxg3 Rxc7 38. Rxg2 Rxc2 39. Kxc2 Ne4
40. Kd3 Nd6 41. Rg6 Nb5 42. a4 Nc7 43. Kd4 1-0

[Event "ch-FRA Blitz Online Qual"]
[Site "Europe-Chess INT"]
[Date "2020.05.16"]
[Round "11"]
[White "Bernard, Louis"]
[Black "Lamorelle, Yves"]
[Result "1/2-1/2"]
[BlackTitle "FM"]
[WhiteElo "1993"]
[BlackElo "2052"]
[WhiteFideId "36075191"]
[BlackFideId "601810"]
[EventDate "2020.05.16"]

1. e4 e5 2. Nf3 Nc6 3. d4 exd4 4. Nxd4 Bc5 5. Nb3 Bb6 6. Nc3 Nf6 7. Bg5 h6 8.
Bh4 d6 9. f3 g5 10. Bg3 Nh5 11. Bb5 Bd7 12. Qe2 Nxg3 13. hxg3 Ne5 14. O-O-O Bxb5
15. Qxb5+ Qd7 16. Qe2 O-O-O 17. Nd5 Qa4 18. Nxb6+ axb6 19. Kb1 Qc4 20. Qxc4 Nxc4
21. Rd4 Ne5 22. Rd2 Kd7 23. Nd4 Ke7 24. Nf5+ Kf6 25. Rxh6+ Rxh6 26. Nxh6 Rh8 27.
f4 gxf4 28. gxf4 Rxh6 29. fxe5+ Kxe5 30. c3 Kxe4 31. Rf2 f5 32. Kc2 f4 33. Kd2
Rh7 34. Re2+ Kf5 35. Kd3 Rg7 36. Rf2 Rg3+ 37. Kd4 Re3 38. b4 Kg4 39. a4 Kg3 40.
Rd2 Re5 41. c4 c5+ 42. bxc5 bxc5+ 43. Kd3 Re3+ 44. Kc2 Ra3 45. Rxd6 Ra2+ 46. Kb3
Rxg2 47. Rd7 f3 48. Rxb7 f2 49. Rg7+ Kf3 50. Rf7+ Ke2 51. a5 f1=Q 52. Rxf1 Kxf1
53. Ka4 Rb2 54. a6 Rb8 55. a7 Ra8 56. Kb5 Rxa7 57. Kxc5 Ke2 58. Kb6 Ra1 59. c5
Rb1+ 60. Ka7 Kd3 61. c6 Kd4 62. c7 Rc1 63. Kb7 Kd5 64. c8=Q Rxc8 65. Kxc8 1/2-1/2

[Event "ch-FRA Blitz Online Qual"]
[Site "Europe-Chess INT"]
[Date "2020.05.16"]
[Round "11"]
[White "Hue, Victor"]
[Black "Nguyen, Thao Nhi"]
[Result "1-0"]
[WhiteElo "2038"]
[BlackElo "1951"]
[WhiteFideId "26045710"]
[BlackFideId "36000310"]
[EventDate "2020.05.16"]

1. e4 Nf6 2. e5 Nd5 3. d4 d6 4. c4 Nb6 5. exd6 exd6 6. Nc3 Nc6 7. Nf3 Be7 8. Be3
Bg4 9. Be2 O-O 10. b3 d5 11. c5 Nc8 12. h3 Bf5 13. O-O Bf6 14. a3 Be4 15. b4 a5
16. b5 N6e7 17. a4 Nf5 18. Qd2 Nxe3 19. Qxe3 Re8 20. Qf4 Re6 21. Rfd1 Ne7 22.
Nh2 Ng6 23. Qg4 h5 24. Qxh5 Nf4 25. Qg4 Nxe2+ 26. Nxe2 Bh4 27. Nf4 Rh6 28. Qe2
Qf6 29. g3 Bg5 30. Ng4 Qf5 31. Nxh6+ Bxh6 32. Qg4 Qxg4 33. hxg4 Re8 34. Ra3 g6
35. f3 Bc2 36. Rd2 1-0

[Event "ch-FRA Blitz Online Qual"]
[Site "Europe-Chess INT"]
[Date "2020.05.16"]
[Round "11"]
[White "Kuhn, Clement"]
[Black "Ros, David"]
[Result "1-0"]
[WhiteTitle "CM"]
[WhiteElo "2150"]
[BlackElo "1767"]
[WhiteFideId "36099775"]
[BlackFideId "36079103"]
[EventDate "2020.05.16"]

1. e4 e6 2. d4 d5 3. Nc3 Bb4 4. Ne2 c5 5. exd5 exd5 6. dxc5 Nf6 7. g3 Bxc5 8.
Bg2 Be6 9. O-O O-O 10. Bg5 Nc6 11. Nf4 d4 12. Ne4 Be7 13. Nxf6+ Bxf6 14. Bxf6
Qxf6 15. Qd2 Rad8 16. Rfe1 Rfe8 17. h3 h6 18. Rad1 Bc8 19. Rxe8+ Rxe8 20. Bxc6
bxc6 21. Qxd4 Qf5 22. c3 g5 23. Nh5 Re6 24. Qg7# 1-0

[Event "ch-FRA Blitz Online Qual"]
[Site "Europe-Chess INT"]
[Date "2020.05.16"]
[Round "11"]
[White "Roussel, Simon"]
[Black "Siffert, Arman"]
[Result "1-0"]
[WhiteElo "2140"]
[BlackElo "1887"]
[WhiteFideId "26025710"]
[BlackFideId "45125350"]
[EventDate "2020.05.16"]

1. e4 c5 2. Nf3 Nc6 3. d4 cxd4 4. Nxd4 e5 5. Nb5 d6 6. N1c3 a6 7. Na3 Be7 8. Nc4
b5 9. Ne3 Nf6 10. f3 Be6 11. a4 b4 12. Ncd5 O-O 13. Bc4 a5 14. O-O Nd7 15. Kh1
Bg5 16. Nf5 Bxc1 17. Rxc1 Bxf5 18. exf5 Nc5 19. Qd2 Nxa4 20. f6 Nb6 21. Qg5 g6
22. Qh6 Qxf6 23. Nxf6+ 1-0

[Event "ch-FRA Blitz Online Qual"]
[Site "Europe-Chess INT"]
[Date "2020.05.16"]
[Round "11"]
[White "Lauron, Wesley"]
[Black "Salami, Reza"]
[Result "1-0"]
[WhiteElo "1878"]
[BlackElo "1882"]
[WhiteFideId "36012769"]
[BlackFideId "618659"]
[EventDate "2020.05.16"]

1. e4 e5 2. Nf3 Nc6 3. Bb5 a6 4. Ba4 Nf6 5. O-O b5 6. Bb3 Bb7 7. Re1 Be7 8. c3
d5 9. exd5 Nxd5 10. Nxe5 Nxe5 11. Rxe5 Nf4 12. Rf5 Nd3 13. Bxf7+ Kd7 14. Qg4 h5
15. Rxh5+ Kc6 16. Rxh8 Qxh8 17. Qe4+ Kb6 18. Qxd3 Bd6 19. h3 Rf8 20. Qe3+ c5 21.
Bb3 Re8 22. d4 Rxe3 23. Bxe3 cxd4 24. cxd4 Qe8 25. Nc3 Qg6 26. Bd5 Kc7 27. Bxb7
Kxb7 28. Rc1 Qd3 29. a3 Qf5 30. Kf1 Bf4 31. Ke2 Bxe3 32. fxe3 Qh5+ 33. Kf2 Qh4+
34. Kf3 Qf6+ 35. Ke2 Qg5 36. g4 Qh4 37. Ne4 Qxh3 38. Nf2 Qh6 39. Rc5 Qd6 40. b4
Qe6 41. d5 Qe5 42. e4 Qb2+ 43. Kf3 Qxa3+ 44. Kf4 Qxb4 45. Rc6 Qd2+ 46. Kf3 Qa2
47. Nd3 Qb3 48. Ke2 Qa2+ 49. Ke3 a5 50. Nc5+ Ka7 51. Ra6+ Kb8 52. d6 Qa3+ 53.
Kd4 Qb4+ 54. Kd5 Qc4+ 55. Kc6 b4 56. Rb6+ Kc8 57. d7+ Kd8 58. Rb7 Qd4 59. Ne6+
Ke7 60. Nxd4 1-0

[Event "ch-FRA Blitz Online Qual"]
[Site "Europe-Chess INT"]
[Date "2020.05.16"]
[Round "11"]
[White "Emmenecker, Philippe"]
[Black "Maugin, Narada"]
[Result "1-0"]
[WhiteElo "2100"]
[BlackElo "1947"]
[WhiteFideId "616273"]
[BlackFideId "45165025"]
[EventDate "2020.05.16"]

1. d4 Nf6 2. c4 c5 3. d5 b5 4. a4 Qa5+ 5. Bd2 b4 6. g3 d6 7. Bg2 g6 8. b3 Bg7 9.
Ra2 O-O 10. Nh3 Bf5 11. O-O Ne4 12. Bxe4 Bxe4 13. Ng5 Bf5 14. e4 Bc8 15. Be3 h6
16. Nf3 Bh3 17. Re1 Nd7 18. Kh1 f5 19. Ng1 f4 20. Bxf4 Ne5 21. Nxh3 g5 22. Be3
Qc7 23. f4 Ng6 24. Qh5 Rf6 25. fxg5 hxg5 26. Bxg5 Raf8 27. Bxf6 Rxf6 28. Ng5 Ne5
29. Qh7+ Kf8 30. Ne6+ Rxe6 31. dxe6 Qc6 32. Rf2+ Bf6 33. Ref1 Ke8 34. Rxf6 Qxe4+
35. Qxe4 1-0

[Event "ch-FRA Blitz Online Qual"]
[Site "Europe-Chess INT"]
[Date "2020.05.16"]
[Round "11"]
[White "Poulet, Benoit"]
[Black "Breuil, Virgile"]
[Result "1-0"]
[WhiteElo "2094"]
[BlackElo "1622"]
[WhiteFideId "26085844"]
[BlackFideId "45163693"]
[EventDate "2020.05.16"]

1. d4 d5 2. Nc3 Nf6 3. Bf4 Bf5 4. e3 e6 5. Nf3 Bd6 6. Ne5 Nc6 7. Nb5 a6 8. Nxd6+
cxd6 9. Nf3 O-O 10. h3 Re8 11. c3 e5 12. Bh2 exd4 13. Nxd4 Bg6 14. Be2 Qb6 15.
Qb3 Qxb3 16. Nxb3 Rad8 17. O-O-O Ne4 18. Rhf1 a5 19. Rxd5 a4 20. Nd4 Ne7 21. Ra5
Nc8 22. Bb5 Rf8 23. Bxa4 Nc5 24. Bc2 b6 25. Ra8 Bd3 26. Bxd3 Nxd3+ 27. Kc2 Nc5
28. Nc6 Rd7 29. Rd1 f6 30. Nd4 Kf7 31. Nb5 Ke7 32. Nxd6 Nxd6 33. Rxf8 1-0

[Event "ch-FRA Blitz Online Qual"]
[Site "Europe-Chess INT"]
[Date "2020.05.16"]
[Round "11"]
[White "Fretel, Liza"]
[Black "Firouzja, Mohammadreza"]
[Result "1/2-1/2"]
[WhiteElo "1934"]
[BlackElo "2135"]
[WhiteFideId "26045460"]
[BlackFideId "12573990"]
[EventDate "2020.05.16"]

1. e4 e6 2. d4 d5 3. Nd2 Be7 4. Bd3 c5 5. c3 cxd4 6. cxd4 dxe4 7. Nxe4 Bd7 8.
Nf3 Bc6 9. O-O Nf6 10. Re1 Nxe4 11. Bxe4 Bxe4 12. Rxe4 Nc6 13. Bf4 Qd5 14. Qe2
O-O 15. Rd1 Rfd8 16. Ne5 Qxa2 17. Nxc6 bxc6 18. h3 c5 19. Be5 cxd4 20. Qg4 f6
21. Bxd4 e5 22. Kh2 Qd5 23. Ree1 exd4 24. g3 Bf8 25. Re4 Bc5 26. Qf3 f5 27. Re8+
Kf7 28. Qxd5+ Rxd5 29. Rxa8 Re5 30. Rd2 g5 31. Kg2 h5 32. Rc8 Bb6 33. Rh8 Kg6
34. Rg8+ Kh6 35. h4 g4 36. Rc2 Re6 37. Rg5 d3 38. Rd2 Re2 39. Rxd3 Rxf2+ 40. Kh1
Rf1+ 41. Kh2 Rf2+ 42. Kh1 Rf1+ 43. Kg2 Rf2+ 44. Kh1 1/2-1/2

[Event "ch-FRA Blitz Online Qual"]
[Site "Europe-Chess INT"]
[Date "2020.05.16"]
[Round "11"]
[White "Gerandi, Guillaume"]
[Black "Calvo, Dylan"]
[Result "0-1"]
[WhiteElo "1876"]
[BlackElo "2018"]
[WhiteFideId "20648359"]
[BlackFideId "36019410"]
[EventDate "2020.05.16"]

1. e4 c5 2. Nf3 Nc6 3. d4 cxd4 4. Nxd4 g6 5. Nc3 Bg7 6. Be3 Nf6 7. Bc4 O-O 8.
Bb3 d6 9. f3 Bd7 10. Qd2 Nxd4 11. Bxd4 b5 12. h4 a5 13. h5 a4 14. Bd5 b4 15.
Bxf6 exf6 16. Bxa8 bxc3 17. bxc3 Qxa8 18. hxg6 hxg6 19. Qxd6 Be6 20. Qh2 Rc8 21.
Rd1 Qa7 22. Rd4 f5 23. a3 Bxd4 24. cxd4 Qxd4 25. Qh7+ Kf8 26. Qh8+ Qxh8 27.
Rxh8+ Ke7 28. Rh7 fxe4 29. fxe4 Rxc2 30. Rh4 Rxg2 31. e5 Rg4 32. Rh3 Rg2 33. Rc3
Bb3 34. Rc7+ Ke6 35. Rc5 g5 0-1

[Event "ch-FRA Blitz Online Qual"]
[Site "Europe-Chess INT"]
[Date "2020.05.16"]
[Round "11"]
[White "Bregnac, Tristan"]
[Black "Trevisiol, Antoine"]
[Result "1-0"]
[WhiteElo "2047"]
[BlackElo "1788"]
[WhiteFideId "36017825"]
[BlackFideId "45136530"]
[EventDate "2020.05.16"]

1. e4 e6 2. d4 d5 3. Nc3 Bb4 4. e5 c5 5. a3 Bxc3+ 6. bxc3 Qc7 7. Bd2 Nc6 8. Nf3
Nge7 9. h4 Nf5 10. Bd3 Nfe7 11. h5 h6 12. O-O Bd7 13. Rb1 Rb8 14. Nh4 c4 15. Be2
b5 16. f4 Nf5 17. Nxf5 exf5 18. Bf3 Be6 19. Qe1 Qe7 20. Kf2 Qxa3 21. Ra1 Qe7 22.
Ra6 Kd7 23. Ke2 Rb7 24. Qg3 Rg8 25. Rfa1 Kc7 26. Bc1 Rb6 27. R6a2 Qd7 28. Ba3
Kb7 29. Bc5 Qc7 30. Qe1 Nb8 31. Rxa7+ Kc6 32. Rxc7+ Kxc7 33. Bxb6+ Kxb6 34. Qb1
Nc6 35. Qa2 Nb8 36. Qa7+ Kc6 37. Qc5+ Kb7 38. Ra7# 1-0

[Event "ch-FRA Blitz Online Qual"]
[Site "Europe-Chess INT"]
[Date "2020.05.16"]
[Round "11"]
[White "Alif, Yassine"]
[Black "Berger Dit Lacroix, Kilian"]
[Result "1-0"]
[WhiteElo "1874"]
[BlackElo "2129"]
[WhiteFideId "45107203"]
[BlackFideId "36091855"]
[EventDate "2020.05.16"]

1. d4 Nf6 2. c4 c5 3. d5 b5 4. cxb5 a6 5. bxa6 Bxa6 6. Nc3 g6 7. e4 Bxf1 8. Kxf1
d6 9. g3 Bg7 10. Kg2 O-O 11. Nf3 Nbd7 12. Qe2 Qa5 13. a4 Rfb8 14. Ra3 Rb4 15.
Nd2 Nb6 16. b3 Nfd7 17. Na2 Rd4 18. Nf3 c4 19. Nxd4 Bxd4 20. b4 Qa7 21. a5 Nc8
22. Qxc4 Bxf2 23. Rf1 Ne5 24. Qb5 Bd4 25. Qe8+ Kg7 26. Bh6+ Kxh6 27. Qf8+ Kh5
28. g4+ Nxg4 29. Rh3+ Kg5 30. Qxf7 Ne3+ 31. Kf3 Nxf1 32. Qf4# 1-0

[Event "ch-FRA Blitz Online Qual"]
[Site "Europe-Chess INT"]
[Date "2020.05.16"]
[Round "11"]
[White "Bailly, Thierry"]
[Black "Sithisak, William"]
[Result "1-0"]
[WhiteElo "1989"]
[BlackElo "1692"]
[WhiteFideId "26051680"]
[BlackFideId "45120749"]
[EventDate "2020.05.16"]

1. e4 c5 2. Nf3 Nc6 3. Bb5 g6 4. Bxc6 dxc6 5. O-O Bg7 6. Re1 e5 7. c3 Qc7 8. h3
Nf6 9. d3 Nd7 10. Nbd2 O-O 11. Nc4 Re8 12. Ne3 Nf8 13. Ng4 Bxg4 14. hxg4 Ne6 15.
Qc2 b6 16. Ng5 Nxg5 17. Bxg5 h6 18. Be3 Rad8 19. f3 Kh7 20. Kf2 Qe7 21. Rh1 g5
22. Qd2 Kg8 23. Rad1 Rd7 24. Qe2 Red8 25. g3 Qf6 26. Rhe1 Bf8 27. Kg2 Qg6 28.
Rf1 Bd6 29. f4 exf4 30. gxf4 gxf4 31. Bxf4 Bxf4 32. Rxf4 h5 33. Kf2 Kh7 34. gxh5
Qg5 35. Qf3 Rg8 36. Rxf7+ Rxf7 37. Qxf7+ Rg7 38. Qf5+ Kh8 39. Qxg5 Rxg5 40. Rh1
Kh7 41. Kf3 Kh6 42. Rh2 Rg8 43. e5 Re8 44. Kf4 Rf8+ 45. Ke4 Rd8 46. d4 cxd4 47.
cxd4 Rd5 48. e6 Rd8 49. Kf5 Rd5+ 50. Kf6 Rxd4 51. e7 Rf4+ 52. Ke6 Re4+ 53. Kd7
Rd4+ 54. Kxc6 Re4 55. Kd7 Rd4+ 56. Ke8 Re4 57. Rf2 Kxh5 58. Kf8 Kg6 59. e8=Q+
Kg5 60. Qxe4 Kh5 61. Rf5+ Kg6 62. Qe6+ Kh7 63. Rf7+ Kh8 64. Qh6# 1-0